00910nam a2200181Ia 4500003000900000008004100009040001600050080001900066111007400085245039200159260003100551300001400582650004100596650001900637650001000656700002800666710003400694IN-BaIIA211028s9999 xx 000 0 eng d cIIA Library a524.3-337bMAG aSymposium on the magnetic and related starscMarylandd1965 Nov. 8-10 4aThe magnetic and related starsbthe proceedings of the AAS-NASA symposium on the magnetic and other peculiar and metallic-line A Stars, held at Greenbelt, Maryland, November 8 - 10, 1965 and the 1965 Helen B. Warner Prize Lecture of the American Astronomical Society, presented at Berkeley, California, December 29, 1965cedited by Robert C. Cameron  aBaltimorebMono Bookc1967 axi, 596p. aAstronomy and astrophysics thesaurus aMagnetic stars aStars aCameron, Robert C., ed. aAmerican Astronomical Society